El cuerpo humano

-д хадгалсан:
Номзүйн дэлгэрэнгүй
Үндсэн зохиолч: Nourse, Alan E. (autor)
Формат: Ном
Хэл сонгох:испани
Хэвлэсэн: Nueva York Time-Life Internacional 1969
Нөхцлүүд:
Шошгууд: Шошго нэмэх
Шошго байхгүй, Энэхүү баримтыг шошголох эхний хүн болох!

MARC

LEADER 00000nam a2200000 a 4500
001 UCY1595
003 CL-VaPUC
008 940908e19690000US |||||||||||||||||spa|d
082 0 4 |a 612  |b NOU  |2 21 
100 |a Nourse, Alan E.  |e autor  |9 329616 
245 1 3 |a El cuerpo humano 
300 |a 189 p 
942 |c BK 
945 |d 19940908 00:00:00  |a rbrito 
260 |a Nueva York  |b Time-Life Internacional  |c 1969 
650 0 |a Cuerpo humano  |9 257169 
583 |a last modification  |c 20120821 08:19:17  |k Rodrigo Vera 
999 |c 230254  |d 230252 
952 |0 0  |1 0  |4 0  |6 612_000000000000000_NOU_1969  |7 0  |8 P  |9 232347  |a BIBEDU  |b BIBEDU  |c BIBEDU_PB  |d 2019-11-15  |i 3015009  |o 612 NOU 1969  |p 3015009  |r 2024-01-25  |w 2019-11-15  |y BK  |k EDU